000 00478nam a2200181Ia 4500
001 8953
005 20260306160648.0
008 260306t2013||||xx |||||||||||||| ||spa||
041 _aESP
082 _a372.1
_bC95
100 _aCueto, Santiago
_eAUT
245 0 _a¿ La cuna marca las oportunidades y el rendimiento educativo? Una mirada al caso peruano
260 _c2013
300 _a99 páginas :
_c23 cm.
650 _aGEN
654 _aCED
942 _cLIB
_dJUS
_fJUS
_2ddc
_n
999 _c8953
_d8953